000
00190 a2200097 4500
020
_a
9788495349477
041
_a
spa
100
_a
Orwell,George
245
_a
Rebelion en la Granja
942
_c
BK
999
_c
8743
_d
8743